<?xml version="1.0" encoding="UTF-8"?><?xml-stylesheet type="text/xsl" href="static/style.xsl"?><OAI-PMH xmlns="http://www.openarchives.org/OAI/2.0/" xmlns:xsi="http://www.w3.org/2001/XMLSchema-instance" xsi:schemaLocation="http://www.openarchives.org/OAI/2.0/ http://www.openarchives.org/OAI/2.0/OAI-PMH.xsd"><responseDate>2026-04-14T03:38:35Z</responseDate><request verb="GetRecord" identifier="oai:www.recercat.cat:11351/11901" metadataPrefix="marc">https://recercat.cat/oai/request</request><GetRecord><record><header><identifier>oai:recercat.cat:11351/11901</identifier><datestamp>2025-10-24T10:16:27Z</datestamp><setSpec>com_2072_378070</setSpec><setSpec>com_2072_378040</setSpec><setSpec>com_2072_378068</setSpec><setSpec>col_2072_378092</setSpec><setSpec>col_2072_378090</setSpec></header><metadata><record xmlns="http://www.loc.gov/MARC21/slim" xmlns:dcterms="http://purl.org/dc/terms/" xmlns:xsi="http://www.w3.org/2001/XMLSchema-instance" xmlns:doc="http://www.lyncode.com/xoai" xsi:schemaLocation="http://www.loc.gov/MARC21/slim http://www.loc.gov/standards/marcxml/schema/MARC21slim.xsd">
   <leader>00925njm 22002777a 4500</leader>
   <datafield ind2=" " ind1=" " tag="042">
      <subfield code="a">dc</subfield>
   </datafield>
   <datafield ind2=" " ind1=" " tag="720">
      <subfield code="a">Bellas, Lucía</subfield>
      <subfield code="e">author</subfield>
   </datafield>
   <datafield ind2=" " ind1=" " tag="720">
      <subfield code="a">Giner-Soriano, Maria</subfield>
      <subfield code="e">author</subfield>
   </datafield>
   <datafield ind2=" " ind1=" " tag="720">
      <subfield code="a">Prats Uribe, Albert</subfield>
      <subfield code="e">author</subfield>
   </datafield>
   <datafield ind2=" " ind1=" " tag="720">
      <subfield code="a">Vedia Urgell, Cristina</subfield>
      <subfield code="e">author</subfield>
   </datafield>
   <datafield ind2=" " ind1=" " tag="720">
      <subfield code="a">Agustí, Antònia</subfield>
      <subfield code="e">author</subfield>
   </datafield>
   <datafield ind2=" " ind1=" " tag="720">
      <subfield code="a">Camacho-Arteaga, Lina</subfield>
      <subfield code="e">author</subfield>
   </datafield>
   <datafield ind2=" " ind1=" " tag="720">
      <subfield code="a">Aguilera, Cristina</subfield>
      <subfield code="e">author</subfield>
   </datafield>
   <datafield ind2=" " ind1=" " tag="260">
      <subfield code="c">2024-09-05T08:22:44Z</subfield>
   </datafield>
   <datafield ind2=" " ind1=" " tag="260">
      <subfield code="c">2024-09-05T08:22:44Z</subfield>
   </datafield>
   <datafield ind2=" " ind1=" " tag="260">
      <subfield code="c">2024-08-12</subfield>
   </datafield>
   <datafield ind2=" " ind1=" " tag="520">
      <subfield code="a">Àcid valproic; Resultats de l'embaràs; Registres electrònics de salut</subfield>
   </datafield>
   <datafield ind2=" " ind1=" " tag="520">
      <subfield code="a">Ácido valproico; Resultados del embarazo; Registros médicos electrónicos</subfield>
   </datafield>
   <datafield ind2=" " ind1=" " tag="520">
      <subfield code="a">Valproic acid (VPA); Pregnancy outcomes; electronic health records (EHR)</subfield>
   </datafield>
   <datafield ind2=" " ind1=" " tag="520">
      <subfield code="a">Objectives To characterise the exposure to valproate within a cohort of pregnant women using electronic health records (EHRs) from Catalonia (System for the Development of Research in Primary Care, SIDIAP).&#xd;
&#xd;
Design Drug-utilisation cohort study covering the period from January 2011 to June 2020. The study included pregnancy episodes of women from Catalonia identified by the algorithm.&#xd;
&#xd;
Setting Data were sourced from SIDIAP, a comprehensive EHR repository that includes information from various data sources: recorded prescriptions (both hospital and primary care), diagnoses and sociodemographic characteristics identified by primary care physicians, and sexual and reproductive health data from ASSIR (used by gynaecologists and midwives).&#xd;
&#xd;
Participants Women aged 12–50 with at least one pregnancy episode occurred during January 2011–June 2020 and at least a prescription of valproate during pregnancy.&#xd;
&#xd;
Primary and secondary outcomes Primary outcomes included valproate exposure, measured through prevalence and cumulative incidence in pregnancy episodes and by trimester. The impact of regulatory measures (risk mitigation measures, RMMs) was assessed, and prescriptions over time were analysed using interrupted time series analysis. Secondary outcomes included health issues, pregnancy outcomes, smoking habits and socioeconomic characteristics.&#xd;
&#xd;
Results A total of 99 605 pregnancies were identified, with at least 3.03‰ (95% CI 2.69‰ to 3.39‰) exposed to valproate at some point (302 pregnancies, 276 women). The median pregnancy duration was 38.30 weeks (IQR 12.6–40.1), and the median age at pregnancy was 32.37 years (IQR 27.20–36.56). Epilepsy was the most frequent health issue. The prevalence and cumulative incidence of valproate prescriptions decreased during pregnancy and increased postpregnancy. The RMMs implemented in 2014 led to a reduction in monthly valproate prescriptions during pregnancy in this cohort.&#xd;
&#xd;
Conclusions The study highlights the decline in valproate prescriptions during pregnancy due to RMMs and underscores the need for standardised methodologies in future studies to ensure the safety of pregnant patients and optimise scientific evidence.</subfield>
   </datafield>
   <datafield ind2=" " ind1=" " tag="520">
      <subfield code="a">This study received funding from the 8th call for SIDIAP grants, 20182019, expedient number 4R18/188; and from Health Department of the Generalitat de Catalunya, in the call corresponding to 2021 for the granting of funding of the Strategic Plan for Research and Innovation in Health (PERIS) 2021–2024, modality Research Projects in Primary Care, expedient number SLT/21/000068 (MG- S).</subfield>
   </datafield>
   <datafield ind1="8" ind2=" " tag="024">
      <subfield code="a">http://hdl.handle.net/11351/11901</subfield>
   </datafield>
   <datafield tag="653" ind2=" " ind1=" ">
      <subfield code="a">Àcid valproic</subfield>
   </datafield>
   <datafield tag="653" ind2=" " ind1=" ">
      <subfield code="a">Anticonvulsius</subfield>
   </datafield>
   <datafield tag="653" ind2=" " ind1=" ">
      <subfield code="a">Embaràs - Complicacions</subfield>
   </datafield>
   <datafield tag="653" ind2=" " ind1=" ">
      <subfield code="a">CHEMICALS AND DRUGS::Organic Chemicals::Carboxylic Acids::Acids, Acyclic::Valerates::Pentanoic Acids::Valproic Acid</subfield>
   </datafield>
   <datafield tag="653" ind2=" " ind1=" ">
      <subfield code="a">Other subheadings::Other subheadings::/therapeutic use</subfield>
   </datafield>
   <datafield tag="653" ind2=" " ind1=" ">
      <subfield code="a">CHEMICALS AND DRUGS::Chemical Actions and Uses::Pharmacologic Actions::Therapeutic Uses::Central Nervous System Agents::Anticonvulsants</subfield>
   </datafield>
   <datafield tag="653" ind2=" " ind1=" ">
      <subfield code="a">Other subheadings::Other subheadings::Other subheadings::/adverse effects</subfield>
   </datafield>
   <datafield tag="653" ind2=" " ind1=" ">
      <subfield code="a">PUBLIC HEALTH::Environmental Health::Health::Environmental Illness::Pregnancy Complications</subfield>
   </datafield>
   <datafield tag="653" ind2=" " ind1=" ">
      <subfield code="a">Other subheadings::Other subheadings::Other subheadings::/epidemiology</subfield>
   </datafield>
   <datafield tag="653" ind2=" " ind1=" ">
      <subfield code="a">COMPUESTOS QUÍMICOS Y DROGAS::compuestos orgánicos::ácidos carboxílicos::ácidos acíclicos::valeratos::ácidos pentanoicos::ácido valproico</subfield>
   </datafield>
   <datafield tag="653" ind2=" " ind1=" ">
      <subfield code="a">Otros calificadores::Otros calificadores::/uso terapéutico</subfield>
   </datafield>
   <datafield tag="653" ind2=" " ind1=" ">
      <subfield code="a">COMPUESTOS QUÍMICOS Y DROGAS::acciones y usos químicos::acciones farmacológicas::usos terapéuticos::fármacos del sistema nervioso central::anticonvulsivantes</subfield>
   </datafield>
   <datafield tag="653" ind2=" " ind1=" ">
      <subfield code="a">Otros calificadores::Otros calificadores::Otros calificadores::/efectos adversos</subfield>
   </datafield>
   <datafield tag="653" ind2=" " ind1=" ">
      <subfield code="a">SALUD PÚBLICA::salud ambiental::salud::enfermedad ambiental::complicaciones del embarazo</subfield>
   </datafield>
   <datafield tag="653" ind2=" " ind1=" ">
      <subfield code="a">Otros calificadores::Otros calificadores::Otros calificadores::/epidemiología</subfield>
   </datafield>
   <datafield ind2="0" ind1="0" tag="245">
      <subfield code="a">Women’s health in focus: Real-world data on valproate prescriptions during pregnancy – a cohort study in Catalonia (Spain)</subfield>
   </datafield>
</record></metadata></record></GetRecord></OAI-PMH>